[Event "Saarland-ch C"]
[Site "Schiffweiler"]
[Date "2009.04.06"]
[Round "4"]
[White "Keller, Norbert"]
[Black "Mecha, David"]
[Result "1-0"]
[WhiteElo "1155"]
[BlackElo "1087"]
[PlyCount "91"]
[EventDate "2009.04.03"]
[EventType "swiss"]
[EventRounds "9"]
[EventCountry "GER"]
[SourceTitle "EXT 2012"]
[Source "ChessBase"]
[SourceDate "2011.11.24"]
[SourceVersion "1"]
[SourceVersionDate "2011.11.24"]
[SourceQuality "1"]

1. g3 e5 2. Bg2 Nf6 3. Nc3 Nc6 4. a3 d5 5. e3 Bg4 6. Nge2 d4 7. Ne4 Nxe4 8. Bxe4 Qd7 9. 0-0 Bc5 10. b4 Bb6 11. Qe1 Bh3 12. Bg2 Bxg2 13. Kxg2 0-0-0 14. d3 h5 15. e4 h4 16. Kh1 Qh3 17. Ng1 Qe6 18. Qe2 Rh7 19. g4 Rdh8 20. Nh3 f6 21. f4 Rg8 22. f5 Qe8 23. Qf3 Qe7 24. g5 Nb8 25. Bd2 Nd7 26. g6 Rhh8 27. a4 c5 28. b5 a6 29. a5 Bc7 30. Rab1 Qd6 31. Rb2 Kd8 32. Rfb1 Ke7 33. Rb3 Rb8 34. b6 Bd8 35. c3 Rc8 36. cxd4 cxd4 37. Bb4 Nc5 38. Rc1 Ke8 39. Rb2 Be7 40. Rcc2 Rc6 41. Rxc5 Qd7 42. Rxc6 bxc6 43. Bxe7 Kxe7 44. Qd1 Qb7 45. Qb3 Kd6 46. Qe6+ 1-0